AH International Schools' Libraries

Hans Christian Andersen's fairy tales / (Record no. 49551)

MARC details
000 -LEADER
fixed length control field 00323nam a2200109 4500
020 ## - INTERNATIONAL STANDARD BOOK NUMBER
International Standard Book Number 9781774022191
100 ## - MAIN ENTRY--PERSONAL NAME
Personal name Andersen, Hans Christian
9 (RLIN) 23191
245 ## - TITLE STATEMENT
Title Hans Christian Andersen's fairy tales /
Statement of responsibility, etc Hans Christian Andersen
260 ## - PUBLICATION, DISTRIBUTION, ETC. (IMPRINT)
Place of publication, distribution, etc China
Name of publisher, distributor, etc Paper Mill Press
Date of publication, distribution, etc 2022
300 ## - PHYSICAL DESCRIPTION
Extent 259 p.
Other physical details ill.
Dimensions 21 cm.
942 ## - ADDED ENTRY ELEMENTS (KOHA)
Source of classification or shelving scheme
Koha item type Book
Holdings
Withdrawn status Lost status Source of classification or shelving scheme Damaged status Not for loan Home library Current library Shelving location Date acquired Total Checkouts Full call number Barcode Date last seen Price effective from Koha item type
          Asian Hope Primary Library Asian Hope Primary Library Junior Fiction 09/10/2025   J FIC AND 208165 09/10/2025 09/10/2025 Book

For any Logos Library related questions please contact Miss Art at swongnarasuk@asianhope.org.

For any Asian Hope Library related questions please contact Miss Raza at graza@asianhope.org.

Click here to explore our ebooks!

Powered by Koha